[Event "Titled Tuesday intern op 29th Sept"]
[Site "Chess.com INT"]
[Date "2020.09.29"]
[Round "8"]
[White "Estrada Nieto, Julian"]
[Black "Parnali, S Dharia"]
[Result "1-0"]
[WhiteElo "2280"]
[BlackElo "2243"]
[PlyCount "107"]
[EventDate "2020.09.29"]
[EventType "swiss (blitz)"]
[EventRounds "10"]
[EventCountry "USA"]
[SourceTitle "CBM 198 Extra"]
[Source "ChessBase"]
[SourceDate "2020.11.30"]
[SourceVersion "1"]
[SourceVersionDate "2020.11.30"]
[SourceQuality "1"]

1. e4 e5 2. Nf3 Nc6 3. Bb5 a6 4. Bxc6 dxc6 5. 0-0 Bg4 6. h3 h5 7. d3 Qf6 8. Be3 Bd6 9. Nbd2 Ne7 10. Re1 Be6 11. d4 0-0-0 12. dxe5 Bxe5 13. Bg5 Qg6 14. Bxe7 Bxh3 15. Nh4 Qh6 16. Bxd8 Rxd8 17. Qf3 Bg4 18. Nf5 Qxd2 19. Qe3 Qxc2 20. Rac1 Qxb2 21. Qa7 Bxf5 22. Qa8+ Kd7 23. Red1+ Bd4 24. Rxd4+ Qxd4 25. Qxb7 Bxe4 26. Qxa6 Bd5 27. Qe2 g6 28. Rd1 Qf6 29. a4 Re8 30. Qd2 Qd6 31. a5 Ra8 32. Ra1 Qe5 33. Ra3 Qe4 34. f3 Qe7 35. Qc3 Rb8 36. Ra1 Qe2 37. Re1 Qb2 38. Qc5 Re8 39. Rxe8 Kxe8 40. Qa7 Qa1+ 41. Kh2 Kd7 42. Qa8 Qe5+ 43. Kg1 Qg3 44. Kf1 Bc4+ 45. Kg1 Be2 46. Qf8 Qe1+ 47. Kh2 Qh4+ 48. Kg1 Qe7 49. Qh8 Qc5+ 50. Kh2 Qxa5 51. Kh1 Qe1+ 52. Kh2 Qh4+ 53. Kg1 Qg3 54. Qd4+ 1-0

[Event "Titled Tuesday intern op 15th Sept"]
[Site "Chess.com INT"]
[Date "2020.09.15"]
[Round "5"]
[White "Brahami, Lamine"]
[Black "Parnali, S Dharia"]
[Result "1-0"]
[WhiteElo "2194"]
[BlackElo "2243"]
[PlyCount "65"]
[EventDate "2020.09.15"]
[EventType "swiss (blitz)"]
[EventRounds "10"]
[EventCountry "USA"]
[SourceTitle "CBM 198 Extra"]
[Source "ChessBase"]
[SourceDate "2020.11.30"]
[SourceVersion "1"]
[SourceVersionDate "2020.11.30"]
[SourceQuality "1"]

1. d4 d5 2. c4 e6 3. Nc3 Nf6 4. Bg5 Be7 5. e3 c6 6. Nf3 Nbd7 7. Rc1 h6 8. Bh4 Qa5 9. Bd3 b6 10. 0-0 Bb7 11. cxd5 Nxd5 12. Nxd5 exd5 13. Bxe7 Kxe7 14. a3 b5 15. Nh4 Qd8 16. Qg4 Kf8 17. Nf5 g6 18. Nh4 Nf6 19. Qg3 Rg8 20. Nf3 Qe7 21. Ne5 Rc8 22. Qh4 h5 23. f4 Ne8 24. Qh3 Nd6 25. f5 gxf5 26. Bxf5 Rd8 27. Bg6 f6 28. Bxh5 Kg7 29. Qg4+ Kh7 30. Bg6+ Kh6 31. Qh5+ Kg7 32. Bh7 fxe5 33. Bxg8 1-0